Every Marco Andretti Indycar Teamate - Statistics

General Stats
  • This quiz has been taken 9 times
  • The average score is 26 of 34
Answer Stats
Nationality # of Races Driver % Correct
USA 14 Bryan Herta
100%
Colombia 53 Carlos Munoz
100%
USA 19 Colton Herta
100%
Canada 2 Devlin DeFrancesco
100%
Spain 1 Fernando Alonso
100%
Japan 34 Hideki Mutoh
100%
Canada 59 James Hinchcliffe
100%
USA 3 John Andretti
100%
UK 6 Justin Wilson
100%
Sweden 2 Marcus Ericsson
100%
USA 2 Michael Andretti
100%
USA 183 Ryan Hunter-Reay
100%
UK 1 Stefan Wilson
100%
Japan 17 Takuma Sato
100%
Brazil 82 Tony Kanaan
100%
USA 83 Alexander Rossi
75%
USA 2 Conor Daly
75%
USA 85 Danica Patrick
75%
UK 30 Dario Franchitti
75%
Venezuela 18 E.J. Viso
75%
USA 3 Kyle Kirkwood
75%
UK 16 Mike Conway
75%
France 2 Romain Grosjean
75%
USA 1 Townsend Bell
75%
USA 45 Zach Veach
75%
UK 1 Jack Harvey
50%
USA 1 Kurt Busch
50%
Spain 1 Oriol Servia
50%
Colombia 3 Sebastian Saavedra
50%
Switzerland 3 Simona de Silvestro
50%
USA 1 A.J. Foyt IV
25%
Brazil 2 Ana Beatriz
25%
France 2 Franck Montagny
25%
UK 2 Adam Carroll
0%
No matching quizzes found
Score Distribution
Percent of People with Each Score
Percentile by Number Answered
Your Score History
You have not taken this quiz